000 00795cam a2200241 a 4500
001 000009399
005 20200929161600.0
008 930528s1992 ve 000 j spa
020 _a9806027914
035 _a(DLC) 93159635
040 _aDO-SdBNP
_cDLC
_dDLC
082 _aV863.44
_bA388m
100 1 _aAlfonzo, Rafael José,
_d1949-
_924184
245 1 0 _aMorir en los bordes de enero y otros relatos /
_cRafael José Alfonzo.
260 _aEl Tigre, (Venezuela) :
_bFundación Rómulo Gallegos,
_c1992.
300 _a74 p. ;
_c22 cm.
490 1 _aSimón Rodriguez
_v2
_aNarrativa
650 4 _aCuentos venezolanos
_93815
650 4 _aLiteratura venezolana
_ySIGLO XX
_99777
830 0 _aSimón Rodriguez ;
_v2.
_pNarrativa
_924185
910 _aCatalogación por copia / LC
049 _aBNGR
999 _c9159
_d9159